[Event "Bronshoj Mesterskabet 2024"]
[Site "Bronshoj"]
[Date "2024.03.07"]
[Round "1"]
[White "Jarlskov, Daniel Tuk Hartso"]
[Black "Eriksson, Rune"]
[Result "1-0"]
[WhiteElo "2130"]
[BlackElo "1993"]
[WhiteFideId "1463896"]
[BlackFideId "1473573"]
[EventDate "2024.03.27"]
[EventType "tourn"]
[EventRounds "9"]
[EventCountry "DEN"]
[SourceTitle "Bronshoj Skakforening"]

1. d4 d6 2. c4 Nf6 3. Nc3 c6 4. e4 Qc7 5. h3 e5 6. d5 c5 7. Nge2 Be7 8. g4 O-O
9. Ng3 g6 10. Be2 Na6 11. Be3 Re8 12. Qd2 Qd8 13. O-O-O Nc7 14. Rh2 a6 15. Rdh1
b5 16. f3 bxc4 17. h4 Nd7 18. a4 Rb8 19. Bxc4 Rb4 20. Bd3 Na8 21. g5 Nf8 22. h5
Qc7 23. hxg6 fxg6 24. Nf5 Rd4 25. Nh6+ Kg7 26. f4 exf4 27. Bxd4+ cxd4 28. Qxf4
Bd8 29. Rf1 dxc3 30. Qe3 cxb2+ 31. Kb1 Qc3 32. Qf3 Qc7 33. Rc2 Qe7 34. Rxc8 Nb6
35. Rc2 Nbd7 36. Qf7+ Qxf7 37. Rxf7+ Kh8 38. Rcf2 Bxg5 39. Rxf8+ Rxf8 40. Rxf8+
Kg7 41. Rf7+ Kxh6 42. Rxd7 Bf4 43. Kxb2 a5 44. Kb3 g5 45. e5  1-0

[Event "Bronshoj Mesterskabet 2024"]
[Site "Bronshoj"]
[Date "2024.03.07"]
[Round "1"]
[White "Steenstrup, Svend"]
[Black "Jensen, Thore Nyboe"]
[Result "0-1"]
[WhiteElo "1959"]
[BlackElo "2015"]
[WhiteFideId "1409182"]
[BlackFideId "1405349"]
[EventDate "2024.03.27"]
[EventType "tourn"]
[EventRounds "9"]
[EventCountry "DEN"]
[SourceTitle "Bronshoj Skakforening"]

1. e4 c5 2. Nf3 e6 3. c4 Nc6 4. Nc3 Nf6 5. Bd3 g6 6. Qe2 Bg7 7. h3 O-O 8. e5
Ne8 9. Be4 Qc7 10. Bxc6 Qxc6 11. d4 cxd4 12. Nb5 d6 13. Bg5 dxe5 14. Be7 a6 15.
Bxf8 Kxf8 16. Na3 d3 17. Qe3 e4 18. Nd2 Bxb2 19. Rb1 Bxa3 20. Nxe4 Qxc4 21. O-O
b5 22. Rb3 Be7 23. Rxd3 Bb7 24. Rd4 Qc7 25. Rc1 Bc6 26. Qh6+ Kg8 27. Nc5 Qe5
28. Qe3 Qxe3 29. fxe3 Bd5 30. a4 Rc8 31. Nb3 Rxc1+ 32. Nxc1 Bc5 33. Rd3 bxa4
34. Rc3 Bb4 35. Rc8 Kf8 36. Nd3 Bd2 37. Rc2 Bxe3+ 38. Kf1 Nd6 39. Ke2 Bb6 40.
Ne5 Bd4 41. Nc6 Bf6 42. Nb4 a3 43. Nxd5 exd5 44. Ra2 Bb2 45. Kd3 Ke7 46. Kc2
Ke6  0-1

[Event "Bronshoj Mesterskabet 2024"]
[Site "Bronshoj"]
[Date "2024.03.07"]
[Round "1"]
[White "Nielsen, John Holm"]
[Black "Nielsen Refs, Karl Emil Elmer"]
[Result "1-0"]
[WhiteElo "2015"]
[BlackElo "2067"]
[WhiteFideId "1406256"]
[BlackFideId "1452797"]
[EventDate "2024.03.27"]
[EventType "tourn"]
[EventRounds "9"]
[EventCountry "DEN"]
[SourceTitle "Bronshoj Skakforening"]

1. Nc3 d5 2. e4 d4 3. Nce2 e5 4. Nf3 f6 5. Ng3 Be6 6. Be2 Ne7 7. d3 c5 8. O-O
Nbc6 9. Bd2 Qd7 10. c3 O-O-O 11. cxd4 exd4 12. Ne1 g5 13. Nh5 Ng8 14. f4 gxf4
15. Bxf4 Ne5 16. Nxf6 Qc7 17. Ng4 Bd6 18. Nxe5 Bxe5 19. Bxe5 Qxe5 20. Bg4 Nh6
21. Bxe6+ Qxe6 22. Rc1 Kb8 23. h3 Rhg8 24. Qf3 a6 25. Rxc5 Rg6 26. Rf5 Ka7 27.
b3 Rdg8 28. Rf6 Rxf6 29. Qxf6 Qxh3 30. Qxd4+ b6 31. Rf6 Ka8 32. Rxh6 Qxh6 33.
Qd5+ Ka7 34. Qf7+ Ka8 35. Qxg8+ Ka7 36. Qg3  1-0

[Event "Bronshoj Mesterskabet 2024"]
[Site "Bronshoj"]
[Date "2024.03.07"]
[Round "1"]
[White "Tandrup, Michael"]
[Black "Petersen, Nils"]
[Result "1/2-1/2"]
[WhiteElo "1924"]
[BlackElo "1941"]
[WhiteFideId "1408356"]
[BlackFideId "1403346"]
[EventDate "2024.03.27"]
[EventType "tourn"]
[EventRounds "9"]
[EventCountry "DEN"]
[SourceTitle "Bronshoj Skakforening"]

1. d4 Nf6 2. Nf3 e6 3. e3 c5 4. Bd3 b6 5. O-O Bb7 6. b3 Be7 7. Bb2 O-O 8. c4 d5
9. Nbd2 Nbd7 10. Rc1 Rc8 11. Ne5 cxd4 12. exd4 dxc4 13. Ndxc4 Re8 14. Qe2 Nf8
15. Bb1 b5 16. Ne3 Qb6 17. N3g4 Nxg4 18. Qxg4 Ng6 19. Qh5 Bd5 20. f3 Qb7 21.
Nd3 Rxc1 22. Rxc1 Rc8 23. Nc5  1/2-1/2

[Event "Bronshoj Mesterskabet 2024"]
[Site "Bronshoj"]
[Date "2024.03.07"]
[Round "1"]
[White "Petersen, Steen Brustrup"]
[Black "Nielsen, Thomas"]
[Result "1/2-1/2"]
[WhiteElo "2091"]
[BlackElo "1941"]
[WhiteFideId "1402706"]
[BlackFideId "1407147"]
[EventDate "2024.03.27"]
[EventType "tourn"]
[EventRounds "9"]
[EventCountry "DEN"]
[SourceTitle "Bronshoj Skakforening"]

1. e4 c6 2. d4 d5 3. e5 c5 4. dxc5 e6 5. a3 Bxc5 6. b4 Bb6 7. Nf3 Ne7 8. Bd3
Nbc6 9. Bb2 Ng6 10. O-O O-O 11. Re1 Bc7 12. Nbd2 Bd7 13. c4 dxc4 14. Nxc4 Nce7
15. Nd4 Nd5 16. g3 f5 17. exf6 Qxf6 18. Qc2 e5 19. Be4 exd4 20. Bxd5+ Kh8 21.
Rad1 Bf5 22. Qe2 Qg5 23. Rxd4 Nf4 24. Qe7 Nh3+ 25. Kg2 Be4+ 26. Kxh3 Qxe7 27.
Rdxe4 Qd7+ 28. Be6 Qb5 29. Rg4 Rg8 30. Re5 Bxe5 31. Nxe5 h6 32. Bc4 Qe8 33.
Ng6+ Kh7 34. Bd3 Rd8 35. Nf8+ Kh8 36. Ng6+ Kh7 37. Nf8+ Kh8 38. Ng6+ Kh7 39.
Nf8+  1/2-1/2

[Event "Bronshoj Mesterskabet 2024"]
[Site "Bronshoj"]
[Date "2024.03.14"]
[Round "2"]
[White "Jarlskov, Daniel Tuk Hartso"]
[Black "Steenstrup, Svend"]
[Result "1-0"]
[WhiteElo "2130"]
[BlackElo "1959"]
[WhiteFideId "1463896"]
[BlackFideId "1409182"]
[EventDate "2024.03.27"]
[EventType "tourn"]
[EventRounds "9"]
[EventCountry "DEN"]
[SourceTitle "Bronshoj Skakforening"]

1. d4 d5 2. c4 e5 3. dxe5 Ne7 4. Nf3 Nbc6 5. Nc3 d4 6. Nb5 Ng6 7. Nbxd4 Nxd4 8.
Qxd4 Qxd4 9. Nxd4 Nxe5 10. e3 Bb4+ 11. Bd2 Bxd2+ 12. Kxd2 Ke7 13. Be2 a6 14.
Kc3 c5 15. Nf3 Ng4 16. Rhf1 Rd8 17. Bd3 Be6 18. h3 Nf6 19. Ng5 Bd7 20. f3 Bc6
21. h4 h6 22. Nh3 b5 23. b3 g5 24. hxg5 b4+ 25. Kc2 hxg5 26. Nxg5 Rg8 27. f4
Bxg2 28. Rf2 Ng4 29. Re2 f6 30. Rg1 Bc6 31. Rxg4 fxg5 32. Rxg5 Rxg5 33. fxg5
Rg8 34. g6 Bf3 35. Rf2 Bh5 36. Rf7+ Ke6 37. Ra7 Rf8 38. Rxa6+ Ke5 39. Rc6 Rf2+
40. Kc1 Rh2 41. Rxc5+ Kf6 42. Rc6+ Ke5 43. Rc5+ Kf6 44. Rf5+ Ke6 45. Rg5 Rh1+
46. Kb2 Kf6 47. g7  1-0

[Event "Bronshoj Mesterskabet 2024"]
[Site "Bronshoj"]
[Date "2024.03.14"]
[Round "2"]
[White "Jensen, Thore Nyboe"]
[Black "Nielsen, John Holm"]
[Result "1/2-1/2"]
[WhiteElo "2015"]
[BlackElo "2015"]
[WhiteFideId "1405349"]
[BlackFideId "1406256"]
[EventDate "2024.03.27"]
[EventType "tourn"]
[EventRounds "9"]
[EventCountry "DEN"]
[SourceTitle "Bronshoj Skakforening"]

1. c4 e5 2. Nc3 Nf6 3. g3 d5 4. cxd5 Nxd5 5. Bg2 Nb6 6. Nf3 Nc6 7. O-O Be7 8.
a3 O-O 9. b4 Be6 10. d3 a6 11. Qc2 Rc8 12. Bb2 f6 13. Ne4 Qe8 14. Nc5 Bxc5 15.
bxc5 Nd7 16. e3 Qf7 17. Nd2 Bd5 18. e4 Be6 19. f4 Qe7 20. Rac1 b6 21. cxb6 cxb6
22. Qb1 Rfd8 23. Nc4 b5 24. Ne3 Nb6 25. Rfd1 Qf7 26. fxe5 fxe5 27. Rf1 Qd7 28.
Rcd1 Nd4 29. Kh1 Na4 30. Nf5 Nxb2 31. Qxb2 Rc2 32. Qa1 Nb3 33. Qxe5 Nd2 34. Rf2
Nc4 35. Qf4 Rxf2 36. Qxf2 Bxf5 37. exf5 Nxa3 38. Qc5 Qd6 39. Qxd6 Rxd6 40. Be4
Nc4 41. Kg2 Ne5 42. Kf1 Kf7 43. Ke2 Kf6 44. d4 Nc4 45. h4 h6 46. g4 b4 47. Bc2
a5 48. Bb3 Nb6 49. Kd3 a4 50. Be6 b3 51. Rg1 b2 52. g5+ hxg5 53. hxg5+ Ke7 54.
Kc3 a3 55. Kb3 Rxd4 56. Kxa3 Rg4 57. Re1 Rxg5 58. Kxb2  1/2-1/2

[Event "Bronshoj Mesterskabet 2024"]
[Site "Bronshoj"]
[Date "2024.03.14"]
[Round "2"]
[White "Nielsen Refs, Karl Emil Elmer"]
[Black "Tandrup, Michael"]
[Result "1-0"]
[WhiteElo "2067"]
[BlackElo "1924"]
[WhiteFideId "1452797"]
[BlackFideId "1408356"]
[EventDate "2024.03.27"]
[EventType "tourn"]
[EventRounds "9"]
[EventCountry "DEN"]
[SourceTitle "Bronshoj Skakforening"]

1. d4 Nf6 2. c4 e6 3. Nc3 d5 4. cxd5 exd5 5. Bg5 Be7 6. e3 c6 7. Bd3 Nbd7 8.
Nge2 Ne4 9. Bxe7 Qxe7 10. Bxe4 dxe4 11. Ng3 Nf6 12. Qc2 O-O 13. Ngxe4 Bf5 14.
Nxf6+ Qxf6 15. Qe2 b5 16. O-O Rae8 17. Qf3 b4 18. Na4 Qg6 19. Nc5 Re7 20. Rfc1
a5 21. a3 h5 22. axb4 axb4 23. Ra6 Rc8 24. Rb6 Ra7 25. h3 b3 26. Rxb3 Rca8 27.
Rbc3 Ra2 28. e4 Bc8 29. Nd3 f6 30. Nf4 Qe8 31. Rxc6 Ra1 32. Kh2 Rxc1 33. Rxc1
Bb7 34. Qb3+  1-0

[Event "Bronshoj Mesterskabet 2024"]
[Site "Bronshoj"]
[Date "2024.03.14"]
[Round "2"]
[White "Petersen, Nils"]
[Black "Petersen, Steen Brustrup"]
[Result "1/2-1/2"]
[WhiteElo "1941"]
[BlackElo "2091"]
[WhiteFideId "1403346"]
[BlackFideId "1402706"]
[EventDate "2024.03.27"]
[EventType "tourn"]
[EventRounds "9"]
[EventCountry "DEN"]
[SourceTitle "Bronshoj Skakforening"]

1. c4 e5 2. g3 Nf6 3. Bg2 d5 4. cxd5 Nxd5 5. Nc3 Nb6 6. Nf3 Nc6 7. O-O Be7 8.
a3 O-O 9. b4 Re8 10. b5 Nd4 11. e3 Nxf3+ 12. Bxf3 a6 13. d4 exd4 14. exd4 axb5
15. Nxb5 c6 16. Nc3 Bh3 17. Re1 Nc4 18. Ra2 Bxa3 19. Rxe8+ Qxe8 20. Re2 Qf8 21.
Bxa3 Qxa3 22. Ra2 Qf8 23. Rxa8 Qxa8 24. Bg4 Bxg4 25. Qxg4 Qa1+ 26. Kg2 g6 27.
Ne2 Qe1 28. Qe4 Kf8 29. Qd3 b5 30. Nf4 Qd2 31. Qe4 b4 32. d5 cxd5 33. Nxd5 Nb2
34. Qxb4+  1/2-1/2

[Event "Bronshoj Mesterskabet 2024"]
[Site "Bronshoj"]
[Date "2024.03.14"]
[Round "2"]
[White "Eriksson, Rune"]
[Black "Nielsen, Thomas"]
[Result "0-1"]
[WhiteElo "1993"]
[BlackElo "1941"]
[WhiteFideId "1473573"]
[BlackFideId "1407147"]
[EventDate "2024.03.27"]
[EventType "tourn"]
[EventRounds "9"]
[EventCountry "DEN"]
[SourceTitle "Bronshoj Skakforening"]

1. d4 d5 2. g3 c5 3. c3 Nc6 4. Bg2 cxd4 5. cxd4 Bf5 6. a3 e6 7. Nc3 Nf6 8. Nh3
Be7 9. O-O h5 10. f3 Qb6 11. e3 Rd8 12. f4 h4 13. Nf2 hxg3 14. hxg3 Bg6 15. g4
Rh4 16. b4 a6 17. Bf3 Bd6 18. Na4 Qc7 19. Nc5 Ke7 20. Kg2 Rdh8 21. Rh1 Rxh1 22.
Nxh1 b6 23. Nxa6 Qc8 24. b5 Na5 25. Nb4 Qc3 26. Bd2 Qc4 27. Nc6+ Nxc6 28. bxc6
Qxc6 29. Nf2 Ra8 30. Qb3 Qb7 31. Be2 Ne4 32. Bb4 Qc7 33. Nd3 Bxb4 34. Qxb4+ Qd6
35. Qb2 Rc8 36. Ne5 Bh7 37. Rc1 Rxc1 38. Qxc1 f6 39. Nc6+ Kf7 40. Nb4 g5 41.
Kf3 gxf4 42. exf4 Qd7 43. Ke3 Nd6 44. Qc3 Be4 45. Qc6 Qxc6 46. Nxc6 Ke8 47. Kd2
Kd7 48. Nb4 Nc4+ 49. Bxc4 dxc4 50. Kc3 b5 51. a4 bxa4 52. Kxc4 Kd6 53. Na2 Bd5+
 0-1

[Event "Bronshoj Mesterskabet 2024"]
[Site "Bronshoj"]
[Date "2024.03.21"]
[Round "3"]
[White "Nielsen, John Holm"]
[Black "Jarlskov, Daniel Tuk Hartso"]
[Result "1/2-1/2"]
[WhiteElo "2015"]
[BlackElo "2130"]
[WhiteFideId "1406256"]
[BlackFideId "1463896"]
[EventDate "2024.03.27"]
[EventType "tourn"]
[EventRounds "9"]
[EventCountry "DEN"]
[SourceTitle "Bronshoj Skakforening"]

1. Nc3 d5 2. e4 d4 3. Nce2 e5 4. Ng3 Be6 5. Nf3 f6 6. Bb5+ c6 7. Be2 Bd6 8. O-O
Ne7 9. d3 Nd7 10. c3 c5 11. Ne1 Qc7 12. Bd2 O-O-O 13. c4 g5 14. a3 Ng6 15. Bg4
Bxg4 16. Qxg4 Nf4 17. Nh5 Nxh5 18. Qxh5 Nf8 19. b4 Ne6 20. Qg4 Qe7 21. bxc5
Bxc5 22. Bb4 Kb8 23. Nc2 Nf4 24. Qd1 h5 25. Bxc5 Qxc5 26. Nb4 g4 27. g3 Nh3+
28. Kg2 Ng5 29. Rb1 Ka8 30. Nd5 Qc6 31. Rb5 Rh7 32. Qb3 h4 33. Qb4 hxg3 34.
fxg3 Nf3 35. h4 Rdh8 36. Ne7 Qd7 37. Nf5 Rh5 38. Rd5 Qf7 39. Rb1 a6 40. Qb6
R5h7 41. Rd8+ Rxd8 42. Qxd8+ Ka7 43. Qb6+ Ka8 44. Qd8+  1/2-1/2

[Event "Bronshoj Mesterskabet 2024"]
[Site "Bronshoj"]
[Date "2024.03.21"]
[Round "3"]
[White "Steenstrup, Svend"]
[Black "Eriksson, Rune"]
[Result "0-1"]
[WhiteElo "1959"]
[BlackElo "1993"]
[WhiteFideId "1409182"]
[BlackFideId "1473573"]
[EventDate "2024.03.27"]
[EventType "tourn"]
[EventRounds "9"]
[EventCountry "DEN"]
[SourceTitle "Bronshoj Skakforening"]

1. e4 d6 2. d4 Nf6 3. Nc3 g6 4. Be2 Bg7 5. h4 c6 6. h5 Nbd7 7. h6 Bf8 8. Nf3 e5
9. Be3 Be7 10. Qd2 O-O 11. Ng5 b5 12. d5 b4 13. Nd1 cxd5 14. exd5 Nb6 15. c4
Ng4 16. Ne4 Nxe3 17. fxe3 f5 18. Nef2 a5 19. a4 Nd7 20. b3 Nc5 21. Qc2 e4 22.
Nh3 Bf6 23. Ra2 Be5 24. Nf4 Qg5 25. Nf2 Bxf4 26. exf4 Qxf4 27. Rb2 Ra7 28. Rh3
Re7 29. g3 Qg5 30. g4 f4 31. Qc1 Qe5 32. Kf1 f3 33. Bd1 e3 34. Bxf3 exf2 35.
Re2 Qf6 36. g5 Bxh3+  0-1

[Event "Bronshoj Mesterskabet 2024"]
[Site "Bronshoj"]
[Date "2024.03.21"]
[Round "3"]
[White "Tandrup, Michael"]
[Black "Jensen, Thore Nyboe"]
[Result "1-0"]
[WhiteElo "1924"]
[BlackElo "2015"]
[WhiteFideId "1408356"]
[BlackFideId "1405349"]
[EventDate "2024.03.27"]
[EventType "tourn"]
[EventRounds "9"]
[EventCountry "DEN"]
[SourceTitle "Bronshoj Skakforening"]

1. e4 d5 2. exd5 Qxd5 3. Nc3 Qa5 4. d4 Nf6 5. Nf3 c6 6. Bc4 Bf5 7. Bd2 e6 8.
O-O Qc7 9. Re1 Nbd7 10. d5 cxd5 11. Bxd5 O-O-O 12. Bb3 Bc5 13. h3 h6 14. Qe2 g5
15. Be3 Ne4 16. Nb5 Qb6 17. Nfd4 a6 18. Nxf5 exf5 19. Nc3 Nxc3 20. bxc3 f6 21.
Qf3 f4 22. Bxc5 Nxc5 23. Rab1 Rhe8 24. Be6+ Rxe6 25. Rxb6 Rxe1+ 26. Kh2 Rdd1
27. g3 fxg3+ 28. Kxg3 Rg1+ 29. Kh2 Rh1+ 30. Qxh1 Rxh1+ 31. Kxh1 Nd7 32. Re6 h5
33. Kg2 f5 34. Rg6 g4 35. hxg4 fxg4 36. Rh6  1-0

[Event "Bronshoj Mesterskabet 2024"]
[Site "Bronshoj"]
[Date "2024.03.21"]
[Round "3"]
[White "Petersen, Steen Brustrup"]
[Black "Nielsen Refs, Karl Emil Elmer"]
[Result "0-1"]
[WhiteElo "2091"]
[BlackElo "2067"]
[WhiteFideId "1402706"]
[BlackFideId "1452797"]
[EventDate "2024.03.27"]
[EventType "tourn"]
[EventRounds "9"]
[EventCountry "DEN"]
[SourceTitle "Bronshoj Skakforening"]

1. c4 Nf6 2. Nc3 g6 3. g3 e5 4. Bg2 Bg7 5. Nf3 d6 6. d3 O-O 7. Bg5 c6 8. Nd2 h6
9. Bxf6 Qxf6 10. Nf1 Qe7 11. e4 f5 12. Qe2 a5 13. h3 Na6 14. Na4 Be6 15. exf5
Bxf5 16. Ne3 Be6 17. O-O Rad8 18. Qd2 Qc7 19. Rac1 h5 20. Nc3 Qd7 21. Kh2 h4
22. Ne2 Nc5 23. Rc2 Bf5 24. Nc1 Bh6 25. g4 Be6 26. d4 exd4 27. Qxd4 Rf4 28. Qc3
Rdf8 29. Nd3 Nxd3 30. Qxd3 R4f6 31. Be4 Qf7 32. Bg2 Bxe3 33. Qxe3 Bxc4 34. Rd1
Rxf2 35. Rxf2 Qxf2 36. Qe4 Qf4+ 37. Qxf4 Rxf4 38. Rxd6 Kg7 39. b3 Bf7 40. Rd7
Rb4 41. Bf1 Kf8 42. Kg2 b5 43. Ra7 a4 44. bxa4 Rxa4 45. Rxa4 bxa4 46. a3 g5 47.
Kf3 Bd5+ 48. Ke3 Ke7 49. Kd3 Kd6 50. Kd4 c5+ 51. Kd3 Ke5 52. Kc3 Kf4 53. Bb5
Bb3  0-1

[Event "Bronshoj Mesterskabet 2024"]
[Site "Bronshoj"]
[Date "2024.03.21"]
[Round "3"]
[White "Nielsen, Thomas"]
[Black "Petersen, Nils"]
[Result "1/2-1/2"]
[WhiteElo "1941"]
[BlackElo "1941"]
[WhiteFideId "1407147"]
[BlackFideId "1403346"]
[EventDate "2024.03.27"]
[EventType "tourn"]
[EventRounds "9"]
[EventCountry "DEN"]
[SourceTitle "Bronshoj Skakforening"]

1. d4 Nf6 2. c4 e6 3. Nc3 Bb4 4. Nf3 O-O 5. g3 c5 6. Bg2 cxd4 7. Nxd4 Nc6 8.
O-O a6 9. Bg5 h6 10. Nxc6 bxc6 11. Bf4 d5 12. Qa4 Bxc3 13. bxc3 Bd7 14. c5 Ne8
15. Rab1 f6 16. Rb7 e5 17. Bxd5+ Kh8 18. Rxd7 Qxd7 19. Bxc6 Qc8 20. Bxa8 Qxa8
21. Be3 Nc7 22. c4 Qc8 23. Qc6 Ne6 24. Qb6 Rf7 25. Rd1 Kh7 26. c6 Rc7 27. Rd6
Nd8 28. Qb1+ Kg8 29. Bb6 Nxc6 30. Bxc7 Qxc7 31. Qd3 Nd4 32. Rxa6 Qb7 33. Ra5
Qb2 34. Ra8+ Kf7 35. Ra7+ Ke6 36. Kg2 Qb6 37. Qa3 Qc6+ 38. f3 Qxc4 39. Re7+ Kf5
40. Qd3+ Qxd3 41. exd3 g5 42. a4 Nb3 43. Rc7 Ke6 44. Rc3 Na5 45. Kf2 Kd5 46.
Ke3 f5 47. Rc8 f4+ 48. gxf4 exf4+ 49. Kd2 Nc6 50. Kc3 g4 51. fxg4 Ne7 52. Rf8
Kc6 53. Kd4 Kb6 54. Rxf4 Ka5 55. Kc5 Ng6 56. Kd6 Nxf4 57. d4 Kxa4 58. Ke5 Nd3+
59. Ke4 Nf2+ 60. Kf3 Nh3 61. Kg3 Ng5 62. h4 Nf7 63. Kf4 Kb5 64. Kf5 Kc4 65. Kg6
Nd6 66. Kxh6 Kxd4 67. Kg7 Ke5 68. h5 Ne8+ 69. Kf7 Nf6 70. h6 Nh7 71. Kg6 Nf8+
72. Kf7 Nh7 73. Kg7 Ng5 74. Kg6 Kf4 75. Kh5 Nh7 76. Kg6 Ng5 77. h7 Nxh7 78.
Kxh7  1/2-1/2

[Event "Bronshoj Mesterskabet 2024"]
[Site "Bronshoj"]
[Date "2024.04.04"]
[Round "4"]
[White "Jarlskov, Daniel Tuk Hartso"]
[Black "Tandrup, Michael"]
[Result "1-0"]
[WhiteElo "2130"]
[BlackElo "1924"]
[WhiteFideId "1463896"]
[BlackFideId "1408356"]
[EventDate "2024.03.27"]
[EventType "tourn"]
[EventRounds "9"]
[EventCountry "DEN"]
[SourceTitle "Bronshoj Skakforening"]

1. d4 Nf6 2. c4 e6 3. Nf3 b6 4. g3 Bb7 5. Bg2 Bb4+ 6. Bd2 Be7 7. O-O O-O 8. Nc3
d5 9. Rc1 dxc4 10. Qa4 Nbd7 11. Qxc4 c5 12. Rfd1 cxd4 13. Nxd4 Bxg2 14. Kxg2
Ne5 15. Qa4 a6 16. Bf4 Ng6 17. Nxe6 Nxf4+ 18. Qxf4 Qc8 19. Nxf8 Bxf8 20. Nd5
Nxd5 21. Rxd5 Qe6  1-0

[Event "Bronshoj Mesterskabet 2024"]
[Site "Bronshoj"]
[Date "2024.04.04"]
[Round "4"]
[White "Steenstrup, Svend"]
[Black "Nielsen, John Holm"]
[Result "1/2-1/2"]
[WhiteElo "1959"]
[BlackElo "2015"]
[WhiteFideId "1409182"]
[BlackFideId "1406256"]
[EventDate "2024.03.27"]
[EventType "tourn"]
[EventRounds "9"]
[EventCountry "DEN"]
[SourceTitle "Bronshoj Skakforening"]

1. d4 d5 2. c4 c6 3. Nf3 Nf6 4. Qb3 e6 5. Bg5 Be7 6. Nc3 O-O 7. Rc1 Nbd7 8. g3
Re8 9. Bg2 Nf8 10. O-O Ng6 11. Rfe1 Qb6 12. Qc2 h6 13. Bd2 Bd7 14. c5 Qc7 15.
Ne5 Nxe5 16. Bf4 Nf3+ 17. Bxf3 Qd8 18. e4 dxe4 19. Nxe4 Nxe4 20. Qxe4 Bg5 21.
h4 Bxf4 22. Qxf4 Rc8 23. Rc3 Qf6 24. Qd2 Rcd8 25. Bh5 g6 26. Bd1 Qg7 27. Qf4
Bc8 28. Rc4 Re7 29. Qb8 Red7 30. Bb3 a6 31. Rb4 Rxd4 32. Rxd4 Qxd4 33. Rd1 Qf6
34. Rxd8+ Qxd8 35. h5 g5 36. Kg2 Kg7 37. Qe5+ f6 38. Qe4 Qe8 39. Bc2 f5 40.
Qe5+ Kf7 41. Bb3 Qe7 42. Qxf5+ Qf6 43. Qh7+ Qg7 44. Qd3 Qf6 45. Bc2 Qf5 46. Qc3
Qd5+ 47. Kg1 Qd8 48. Bg6+ Kg8 49. Qf3 Qf8 50. Bh7+ Kg7 51. Qe4 Qf6 52. a3 e5
53. Bg6 Be6 54. Qb4 Qe7 55. Qc3 Qf6 56. Qd3 Bd5 57. Qf5 Be6 58. Qe4 Bd5 59. Qf5
Be6  1/2-1/2

[Event "Bronshoj Mesterskabet 2024"]
[Site "Bronshoj"]
[Date "2024.04.04"]
[Round "4"]
[White "Jensen, Thore Nyboe"]
[Black "Petersen, Steen Brustrup"]
[Result "1-0"]
[WhiteElo "2015"]
[BlackElo "2091"]
[WhiteFideId "1405349"]
[BlackFideId "1402706"]
[EventDate "2024.03.27"]
[EventType "tourn"]
[EventRounds "9"]
[EventCountry "DEN"]
[SourceTitle "Bronshoj Skakforening"]

1. d4 Nf6 2. Nf3 d5 3. c4 c6 4. Nc3 e6 5. Bg5 dxc4 6. e4 b5 7. e5 h6 8. Bh4 g5
9. Nxg5 hxg5 10. Bxg5 Nbd7 11. exf6 Qb6 12. g3 Bb7 13. Bg2 O-O-O 14. O-O c5 15.
d5 Ne5 16. Qe2 Nd3 17. dxe6 Bxg2 18. Kxg2 Qc6+ 19. f3 fxe6 20. h4 Rd4 21. Ne4
e5 22. Rfd1 Qd7 23. b3 cxb3 24. axb3 Bh6 25. Bxh6 Rxh6 26. Qc2 c4 27. bxc4 bxc4
28. Rxd3 Rxd3 29. Qxc4+ Kb8 30. Qb4+ Kc8 31. Rc1+  1-0

[Event "Bronshoj Mesterskabet 2024"]
[Site "Bronshoj"]
[Date "2024.04.04"]
[Round "4"]
[White "Nielsen Refs, Karl Emil Elmer"]
[Black "Nielsen, Thomas"]
[Result "1-0"]
[WhiteElo "2067"]
[BlackElo "1941"]
[WhiteFideId "1452797"]
[BlackFideId "1407147"]
[EventDate "2024.03.27"]
[EventType "tourn"]
[EventRounds "9"]
[EventCountry "DEN"]
[SourceTitle "Bronshoj Skakforening"]

1. d4 Nf6 2. c4 g6 3. Nc3 d5 4. cxd5 Nxd5 5. e4 Nxc3 6. bxc3 Bg7 7. Be3 O-O 8.
Nf3 c5 9. Be2 Nc6 10. O-O Bg4 11. d5 Na5 12. Bxc5 Bxc3 13. Rc1 Bg7 14. h3 Bxf3
15. Bxf3 h6 16. Bd4 Rc8 17. Bxg7 Kxg7 18. Qd4+ Kg8 19. Bg4 Rxc1 20. Rxc1 Qd6
21. e5 Qa3 22. Rc7 Rd8 23. d6 exd6 24. e6 Rf8 25. exf7+ Rxf7 26. Rc8+ Rf8 27.
Be6+  1-0

[Event "Bronshoj Mesterskabet 2024"]
[Site "Bronshoj"]
[Date "2024.04.04"]
[Round "4"]
[White "Eriksson, Rune"]
[Black "Petersen, Nils"]
[Result "1-0"]
[WhiteElo "1993"]
[BlackElo "1941"]
[WhiteFideId "1473573"]
[BlackFideId "1403346"]
[EventDate "2024.03.27"]
[EventType "tourn"]
[EventRounds "9"]
[EventCountry "DEN"]
[SourceTitle "Bronshoj Skakforening"]

1. d4 Nf6 2. g3 e6 3. Bg2 c5 4. c3 Nc6 5. e4 d5 6. e5 Nd7 7. Ne2 Be7 8. O-O O-O
9. Bh3 Qe8 10. Nf4 Nb6 11. b3 cxd4 12. cxd4 f5 13. Ba3 Bxa3 14. Nxa3 a6 15. Nc2
Bd7 16. Qd2 Qe7 17. Nd3 Rab8 18. Rac1 Rfc8 19. Bg2 Be8 20. a4 Nd7 21. h4 h6 22.
Nf4 Nf8 23. h5 Qg5 24. Qe2 Ne7 25. Bf3 Nc6 26. Rfd1 Nd8 27. Ne3 Nh7 28. Nexd5
exd5 29. Bxd5+ Kh8 30. Bg2 Rxc1 31. Rxc1 Ne6 32. Qe3 Nxf4 33. gxf4 Qxh5 34. d5
Qf7 35. Qb6 Qd7 36. Rc7 Qd8 37. e6 Bc6 38. e7 Qd6 39. dxc6 Qd1+ 40. Kh2 Nf6 41.
cxb7 Qh5+ 42. Bh3 Qh4 43. Qd4 Kh7 44. Kg2 Kg6 45. Rc5 Rxb7 46. Bxf5+ Kf7 47.
Qc4+  1-0

[Event "Bronshoj Mesterskabet 2024"]
[Site "Bronshoj"]
[Date "2024.04.18"]
[Round "5"]
[White "Petersen, Steen Brustrup"]
[Black "Jarlskov, Daniel Tuk Hartso"]
[Result "1-0"]
[WhiteElo "2091"]
[BlackElo "2130"]
[WhiteFideId "1402706"]
[BlackFideId "1463896"]
[EventDate "2024.03.27"]
[EventType "tourn"]
[EventRounds "9"]
[EventCountry "DEN"]
[SourceTitle "Bronshoj Skakforening"]

1. c4 e6 2. g3 Nf6 3. Bg2 d5 4. Nf3 Be7 5. O-O O-O 6. b3 c5 7. Bb2 Nc6 8. e3 d4
9. exd4 cxd4 10. d3 e5 11. Re1 Bg4 12. h3 Bxf3 13. Bxf3 Qc7 14. Na3 a6 15. Nc2
Nd7 16. a3 a5 17. Bxc6 bxc6 18. Nxd4 exd4 19. Rxe7 Qd6 20. Qe2 Nc5 21. b4 Na4
22. Re4 Nxb2 23. Qxb2 axb4 24. axb4 Rxa1+ 25. Qxa1 Qxb4 26. Qxd4 c5 27. Qd5 Qb6
28. Re7 g6 29. Kg2 Kg7 30. Rb7 Qd8 31. Qxc5 Qxd3 32. Qe5+ Kg8 33. c5 Qc4 34.
Re7 Rc8 35. Qf6 Qd5+ 36. Kh2 Kf8 37. Re5 h5 38. Qh8#  1-0

[Event "Bronshoj Mesterskabet 2024"]
[Site "Bronshoj"]
[Date "2024.04.18"]
[Round "5"]
[White "Tandrup, Michael"]
[Black "Steenstrup, Svend"]
[Result "1-0"]
[WhiteElo "1924"]
[BlackElo "1959"]
[WhiteFideId "1408356"]
[BlackFideId "1409182"]
[EventDate "2024.03.27"]
[EventType "tourn"]
[EventRounds "9"]
[EventCountry "DEN"]
[SourceTitle "Bronshoj Skakforening"]

1. d4 d5 2. Nf3 Nf6 3. e3 e6 4. c4 c6 5. Nc3 Nbd7 6. Bd3 dxc4 7. Bxc4 b5 8. Bd3
Bb7 9. O-O a6 10. b3 c5 11. Bb2 cxd4 12. exd4 b4 13. Na4 Nd5 14. Rc1 Rc8 15.
Qd2 Be7 16. Rxc8 Bxc8 17. Nc5 Nxc5 18. dxc5 Bxc5 19. Bxg7 Rg8 20. Qh6 Nf6 21.
Qxf6 Qxd3 22. Ne5 Qf5 23. Rd1 Be7 24. Qxe7+ Kxe7 25. Nc6+ Ke8 26. Rd8#  1-0